00477 a2200109 4500001001000000005001700010008004100027245013600068100002600204773012000230999001700350ART_1566220260410161918.0260409a 10aExteriorización en el dominio de la contabilidad microsocial de impactos vinculados con redes de inclusión laboral de jóvenes1 aPiacquadío, Cecilia0 tDocumentos de trabajo de contabilidad, auditoría y responsabilidad socialg- Año 2, Nº 3 (jun. 2012)wREV14385 c27448d27448